| 000 | 00638cam a22002413 4500 | ||
|---|---|---|---|
| 001 | 22535 | ||
| 005 | 20230410103941.0 | ||
| 008 | 060907s2004 xx 000 0 spa d | ||
| 035 | _a(OCoLC)ocn149303487 | ||
| 040 |
_aBTCTA _cBTCTA |
||
| 020 | _a9789682324932 | ||
| 020 | _a9682324939 | ||
| 035 | _a(OCoLC)149303487 | ||
| 050 | 1 | 4 | _aD5762004 |
| 050 | 1 | 4 | _aHF 1359 M752e 2004 |
| 245 | 0 | 0 | _aDilemas De La Globalizacion en el caribe. |
| 260 |
_bSiglo Xxi Ediciones _c2004. |
||
| 720 | _aMonreal Gonzalez, Pedro | ||
| 938 |
_aBaker and Taylor _bBTCP _nBK0006253452 |
||
| 942 |
_2lcc _cbk |
||
| 946 | _aclperez | ||
| 994 |
_aC0 _bDRFGD |
||
| 999 |
_c29073 _d29073 |
||